Top 20 Billboard - 1990 - Statistiques

Statistiques générales
  • Ce quiz a été pris 16 fois
  • Le résultat moyen est 2 sur 20
Statistiques - réponses
Date de Parution Titres Artistes % Correct
5 Mars 1990 Vogue Madonna
67%
7 Octobre 1989 Another Day in Paradise Phil Collins
60%
3 Janvier 1990 Nothing Compares 2 U Sinéad O'Connor
47%
15 Janvier 1990 Escapade Janet Jackson
20%
6 Mai 1990 Vision of Love Mariah Carrey
20%
10 Juillet 1990 Blaze of Glory Jon Bon Jovi
7%
14 Novembre 1989 Opposites Attract Paula Abdul
7%
2 Décembre 1987 It Must Have Been Love Roxette
7%
19 Juin 1990 Release Me Wilson Philipps
7%
18 Juillet 1989 Black Velvet Alannah Myles
0%
4 Mars 1990 Poison Bell Big DeVoe
0%
11 Juin 1990 Do Me! BellBiv DeVoe
0%
9 Avril 1990 Cradle of Love Billy Idol
0%
8 Mars 1990 Hold On En Vogue
0%
16 Mars 1990 All I Wanna Do Is Make Love to You Heart
0%
20 Septembre 1989 Don't Know Much Linda Ronstadt & Aaron Neville
0%
17 1990 Close to You Maxi Priest
0%
12 Octobre 1989 How Am I Supposed to Live Without You Michael Bolton
0%
13 Août 1989 Pump Up the Jam Technotronic
0%
1 Février 1990 Hold On Wilson Phillips
0%
Aucun quiz correspondant
Distribution des résultats
% des personnes avec chaque résultat
Percentile par nombre de réponses
Votre historique - résultats
Vous n’avez pas pris ce quiz